|
|
|
|
| LEADER |
00000naa0a2200000 4500 |
| 001 |
596356 |
| 005 |
20250331160051.0 |
| 035 |
|
|
|a (RuTPU)RU\TPU\tpu\19046
|
| 090 |
|
|
|a 596356
|
| 100 |
|
|
|a 20101227d1990 k y0rusy50 ca
|
| 101 |
0 |
|
|a rus
|
| 102 |
|
|
|a RU
|
| 200 |
1 |
|
|a Развитие электроаналитической химии за период 1979 - 1988 гг. (наукометрический аспект)
|f А. Г. Стромберг, Е. В. Гетманцева
|
| 333 |
|
|
|a В фонде НТБ ТПУ отсутствует
|
| 463 |
|
|
|t Всесоюзная конференция по истории и методологии аналитической химии, Москва, 19-21 ноября 1990
|o тезисы докладов
|v С. 46-47
|n [Б. и.]
|d 1990
|
| 610 |
1 |
|
|a труды учёных ТПУ
|
| 700 |
|
1 |
|a Стромберг
|b А. Г.
|c химик, специалист в области классической полярографии и инверсионной вольтамперометрии
|c профессор Томского политехнического института
|f 1910-2004
|g Армин Генрихович
|3 (RuTPU)RU\TPU\pers\11188
|9 2478
|
| 701 |
|
1 |
|a Гетманцева
|b Е. В.
|
| 801 |
|
1 |
|a RU
|b 63413507
|c 20101227
|
| 801 |
|
2 |
|a RU
|b 63413507
|c 20101227
|g RCR
|
| 942 |
|
|
|c BK
|